[Event "48. NSV Senioren EM 2014"]
[Site "Sottrum"]
[Date "2014.05.26"]
[Round "1.1"]
[White "Grimm, Uwe"]
[Black "Gudat, Alfons"]
[Result "1-0"]
[WhiteElo "2124"]
[BlackElo "1962"]
[PlyCount "63"]
[EventDate "2014.??.??"]
[WhiteTeam "MTV Dannenberg"]
[BlackTeam "SK Union Oldenburg"]

1. f4 Nf6 2. Nf3 d5 3. e3 e6 4. b3 Be7 5. Bb2 O-O 6. Be2 c5 7. O-O Nc6 8. Bb5
Bd7 9. Bxc6 Bxc6 10. Ne5 Bb5 11. Rf3 Ne8 12. Rh3 g6 13. Ng4 d4 14. d3 f5 15.
Ne5 Bf6 16. a4 Ba6 17. exd4 cxd4 18. Qe2 Ng7 19. Na3 Rc8 20. Qf2 Qc7 21. Bxd4
Rfd8 22. Nac4 Bxc4 23. bxc4 g5 24. Rh6 Ne8 25. Re1 Qg7 26. fxg5 Qxg5 27. Rh3 f4
28. Nf3 Qg4 29. Bxf6 Nxf6 30. Rh4 Qf5 31. Re5 Ng4 32. Rxf5 1-0

[Event "48. NSV Senioren EM 2014"]
[Site "Sottrum"]
[Date "2014.05.26"]
[Round "1.2"]
[White "Klein, Manfred"]
[Black "Brunotte, Peter"]
[Result "0-1"]
[WhiteElo "1820"]
[BlackElo "2000"]
[PlyCount "64"]
[EventDate "2014.??.??"]
[WhiteTeam "SC Sottrum"]
[BlackTeam "Hamelner SV"]

1. d4 Nf6 2. Bg5 d5 3. Nc3 h6 4. Bxf6 exf6 5. Qd3 Be7 6. g3 c6 7. Nf3 Be6 8.
Bg2 Qd7 9. e4 dxe4 10. Nxe4 Na6 11. a3 Rd8 12. b4 b5 13. Nc5 Nxc5 14. bxc5 O-O
15. O-O-O a5 16. Rhe1 b4 17. a4 b3 18. cxb3 Bxc5 19. Rxe6 Qxe6 20. Qc2 Ba3+ 21.
Kb1 c5 22. d5 Rxd5 23. Re1 Qd6 24. Bf1 Bb4 25. Re3 Rd1+ 26. Kb2 Rxf1 27. Rd3
Qe6 28. Re3 Qg4 29. Qe2 Rh1 30. Re4 Qd7 31. Re7 Qd1 32. Qxd1 Rxd1 0-1

[Event "48. NSV Senioren EM 2014"]
[Site "Sottrum"]
[Date "2014.05.26"]
[Round "1.3"]
[White "Schneider, Alexander"]
[Black "Elborg, Klaus"]
[Result "1-0"]
[WhiteElo "2015"]
[BlackElo "1671"]
[PlyCount "135"]
[EventDate "2014.??.??"]
[WhiteTeam "Wilhelmshavener SC von 1887 e. V"]
[BlackTeam "SK Duderstadt"]

1. d4 Nf6 2. Nf3 g6 3. c4 Bg7 4. Nc3 d5 5. e3 O-O 6. Be2 c6 7. O-O Nbd7 8. cxd5
Nxd5 9. Nxd5 cxd5 10. Bd2 Qb6 11. Bc3 Nf6 12. Nd2 Bd7 13. a4 a5 14. Bd3 Qd6 15.
h3 b6 16. Qe2 Rac8 17. Rfb1 Bc6 18. Bb5 Bxb5 19. Qxb5 Qc6 20. Qe2 Rfe8 21. Rc1
Qd6 22. Qd3 Rc7 23. Ra3 e5 24. dxe5 Rxe5 25. Raa1 Re8 26. Rd1 Rc6 27. Nf3 Rd8
28. Nd4 Rcc8 29. Nb5 Qe7 30. Bd4 Rc6 31. Rac1 Rxc1 32. Rxc1 Ne4 33. Bxg7 Kxg7
34. Qd4+ Qf6 35. Qxf6+ Nxf6 36. Rc6 Rb8 37. Rd6 Rc8 38. Nc3 Rb8 39. Nxd5 Nxd5
40. Rxd5 Rc8 41. Rb5 Rc1+ 42. Kh2 Rc6 43. g4 h6 44. h4 f6 45. Kg3 Kf7 46. f4
Ke6 47. Kf3 Kd6 48. b3 Ke6 49. h5 g5 50. Ke4 Ke7 51. Kf5 Kf7 52. fxg5 fxg5 53.
e4 Rf6+ 54. Ke5 Ke7 55. Kd4 Kd7 56. Ke5 Ke7 57. Rd5 Re6+ 58. Kd4 Rf6 59. Re5+
Kd6 60. Rxg5 hxg5 61. e5+ Ke6 62. exf6 Kxf6 63. Kd5 Kf7 64. Ke5 Kg7 65. Kf5 Kh6
66. Kf6 Kh7 67. Kxg5 Kg7 68. Kf5 1-0

[Event "48. NSV Senioren EM 2014"]
[Site "Sottrum"]
[Date "2014.05.26"]
[Round "1.4"]
[White "Gilde, Guenter"]
[Black "Davydov, Mihail"]
[Result "0-1"]
[WhiteElo "1842"]
[BlackElo "2054"]
[PlyCount "42"]
[EventDate "2014.??.??"]
[WhiteTeam "SC Sottrum"]
[BlackTeam "SK Neustadt"]

1. e4 c5 2. Nc3 Nc6 3. f4 g6 4. Nf3 Bg7 5. Bb5 d6 6. Bxc6+ bxc6 7. O-O Nf6 8.
e5 Nd5 9. exd6 exd6 10. Re1+ Ne7 11. d4 cxd4 12. Nxd4 O-O 13. Nf3 Rb8 14. Ne2
Bg4 15. Ng3 Bxb2 16. Bxb2 Rxb2 17. Qd4 Rxc2 18. Qxa7 Bxf3 19. gxf3 Nd5 20. Qa4
Qb6+ 21. Kh1 Qf2 0-1

[Event "48. NSV Senioren EM 2014"]
[Site "Sottrum"]
[Date "2014.05.26"]
[Round "1.5"]
[White "Zotin, Vladimir"]
[Black "Krawinkel, Hans-Werner"]
[Result "1-0"]
[WhiteElo "1870"]
[BlackElo "1854"]
[PlyCount "79"]
[EventDate "2014.??.??"]
[WhiteTeam "Wilhelmshavener SC von 1887 e. V"]
[BlackTeam "SF Buxtehude"]

1. e3 d5 2. b3 c5 3. Bb2 Nc6 4. Nf3 Bg4 5. h3 Bh5 6. Bb5 f6 7. g4 Bg6 8. d3 Qc7
9. Nbd2 a6 10. Bxc6+ Qxc6 11. Qe2 e5 12. O-O-O O-O-O 13. Nh4 Bf7 14. f4 exf4
15. exf4 d4 16. Qf2 Bd5 17. Rhe1 g6 18. g5 f5 19. c4 Bf7 20. Ndf3 Bg7 21. Ne5
Qc7 22. Nhf3 Be8 23. Re2 Bf8 24. Rde1 Bd6 25. Nxd4 cxd4 26. Bxd4 Ba3+ 27. Kb1
Qd6 28. Bb6 Rd7 29. Nxd7 Qxd3+ 30. Ka1 Bxd7 31. Bd4 Nf6 32. Bxf6 Re8 33. Rxe8+
Bxe8 34. Qe2 Qd7 35. Rd1 Qc6 36. Rd8+ Kc7 37. Rxe8 Qh1+ 38. Qe1 Qxh3 39. Bd8+
Kd7 40. Qe6# 1-0

[Event "48. NSV Senioren EM 2014"]
[Site "Sottrum"]
[Date "2014.05.26"]
[Round "1.6"]
[White "Buck, Klaus-Michael"]
[Black "Kuenitz, Bernhard"]
[Result "0-1"]
[WhiteElo "1730"]
[BlackElo "1917"]
[PlyCount "62"]
[EventDate "2014.??.??"]
[WhiteTeam "Stader SV"]
[BlackTeam "SAbt SV Werder Bremen"]

1. b4 e5 2. a3 Nf6 3. Bb2 d6 4. e3 Be7 5. c4 O-O 6. Nc3 Nbd7 7. Nf3 b6 8. d3
Bb7 9. e4 Re8 10. Be2 Nf8 11. O-O Ng6 12. Bc1 Bc8 13. Nd5 Nxd5 14. cxd5 Bd7 15.
Be3 c6 16. dxc6 Bxc6 17. Qb3 Qd7 18. a4 Rac8 19. b5 Ba8 20. a5 Bd8 21. axb6
Bxb6 22. Bxb6 axb6 23. Ra6 Nf4 24. Bd1 d5 25. Qb1 Qe6 26. Bb3 Qg6 27. Ne1 dxe4
28. dxe4 Bxe4 29. Bxf7+ Kxf7 30. Ra7+ Kg8 31. Qa2+ Bd5 0-1

[Event "48. NSV Senioren EM 2014"]
[Site "Sottrum"]
[Date "2014.05.26"]
[Round "1.7"]
[White "Gerhardt, Peter-Michael"]
[Black "Montag, Gottfried"]
[Result "1-0"]
[WhiteElo "2063"]
[BlackElo "1774"]
[PlyCount "91"]
[EventDate "2014.??.??"]
[WhiteTeam "SC Vahr"]
[BlackTeam "SK Neustadt"]

1. d4 d5 2. c4 e6 3. Nc3 c5 4. e3 Nf6 5. Nf3 Nc6 6. Be2 a6 7. cxd5 exd5 8. O-O
Be7 9. dxc5 O-O 10. Na4 Be6 11. b3 Nd7 12. Ba3 b5 13. b4 bxa4 14. Qxa4 Qc8 15.
Nd4 Nxd4 16. exd4 Nf6 17. Qc2 Ne4 18. Bd3 Nf6 19. Bc1 Re8 20. Bd2 Bd7 21. a4 g6
22. b5 axb5 23. axb5 Ne4 24. Be3 Bf8 25. c6 Bf5 26. b6 Rxa1 27. Rxa1 Nd6 28.
Bxf5 gxf5 29. Qa4 Nc4 30. b7 Qc7 31. g3 Nxe3 32. fxe3 Bd6 33. Kf2 Kg7 34. Qc2
Qe7 35. Qd3 Qe4 36. Qxe4 fxe4 37. Ra8 Rb8 38. Ra5 Re8 39. Rxd5 Bc7 40. Rd7 Bb8
41. c7 Bxc7 42. Rxc7 Rb8 43. d5 Kf6 44. d6 Ke6 45. d7 Ke7 46. Rc8 1-0

[Event "48. NSV Senioren EM 2014"]
[Site "Sottrum"]
[Date "2014.05.26"]
[Round "1.8"]
[White "Kujat, Werner"]
[Black "Meyer, Irmin"]
[Result "1/2-1/2"]
[WhiteElo "1814"]
[BlackElo "1979"]
[PlyCount "42"]
[EventDate "2014.??.??"]
[WhiteTeam "Stader SV"]
[BlackTeam "SAbt SV Werder Bremen"]

1. d4 Nf6 2. c4 e6 3. Nc3 Bb4 4. Bd2 b6 5. Nf3 Bb7 6. e3 c5 7. a3 Ba5 8. Be2
O-O 9. O-O Nc6 10. Na2 Bxd2 11. Qxd2 cxd4 12. Nxd4 Nxd4 13. Qxd4 Rc8 14. Nc3 d5
15. cxd5 Nxd5 16. Nxd5 Bxd5 17. Rac1 Qg5 18. f3 Rfd8 19. Rxc8 Rxc8 20. Qd2 h6
21. Rc1 Rxc1+ 1/2-1/2

[Event "48. NSV Senioren EM 2014"]
[Site "Sottrum"]
[Date "2014.05.26"]
[Round "1.9"]
[White "Stummeyer, Dieter"]
[Black "Kahle, Hartmut"]
[Result "1-0"]
[WhiteElo "1886"]
[BlackElo "1462"]
[PlyCount "115"]
[EventDate "2014.??.??"]
[WhiteTeam "SG Garbsen/Marienwerder"]
[BlackTeam "Eystruper SK"]

1. e4 c5 2. Nf3 Nc6 3. d4 cxd4 4. Nxd4 Nf6 5. Nc3 a6 6. Nxc6 bxc6 7. e5 Nd5 8.
Nxd5 cxd5 9. Qxd5 Ra7 10. Be3 e6 11. Qd2 Ra8 12. Bd3 Qc7 13. f4 Bc5 14. O-O Bb7
15. Bxc5 Qxc5+ 16. Qf2 Rc8 17. Qxc5 Rxc5 18. b4 Rc7 19. a4 O-O 20. c4 Rd8 21.
Rfd1 Rf8 22. a5 f6 23. b5 fxe5 24. fxe5 Rf4 25. Rac1 Rg4 26. g3 Rg5 27. b6 Rc5
28. Bf1 Bc6 29. Rxd7 Rf5 30. Rc7 Rf7 31. Bh3 Rxc7 32. bxc7 Bd7 33. Rd1 Rxc7 34.
Rd6 Kf7 35. Bf1 Ke7 36. Rxa6 Rc5 37. Ra7 Rxe5 38. a6 Ra5 39. Bg2 Ra1+ 40. Kf2
Kd6 41. Ke3 Ra3+ 42. Kf4 e5+ 43. Kg5 Ra5 44. Bd5 h5 45. Ra8 Ke7 46. Rg8 Rxa6
47. Rxg7+ Kd8 48. Kxh5 Rf6 49. Rg5 Be8+ 50. Kh4 Rh6+ 51. Kg4 Bd7+ 52. Kf3 Rf6+
53. Ke4 Rf2 54. Kxe5 Rxh2 55. c5 Kc7 56. Rg7 Rh5+ 57. Kd4 Rh1 58. Bxh1 1-0

[Event "48. NSV Senioren EM 2014"]
[Site "Sottrum"]
[Date "2014.05.26"]
[Round "1.10"]
[White "Flasche-Alke, Hartmut"]
[Black "Piastowski, Kurt"]
[Result "0-1"]
[WhiteElo "1573"]
[BlackElo "1983"]
[PlyCount "72"]
[EventDate "2014.??.??"]
[WhiteTeam "Findorffer Sfr"]
[BlackTeam "SC Turm Lueneburg e.V."]

1. d4 d5 2. Nf3 Nf6 3. Bf4 e6 4. h3 c5 5. e3 Qb6 6. b3 Nc6 7. c4 cxd4 8. exd4
Bb4+ 9. Bd2 Nxd4 10. Nxd4 Qxd4 11. Bxb4 Qxa1 12. Nc3 Qxd1+ 13. Kxd1 Bd7 14. Bd3
Bc6 15. cxd5 Nxd5 16. Nxd5 Bxd5 17. f3 O-O-O 18. Ke2 Bc6 19. Rc1 Kb8 20. g3
Bxf3+ 21. Ke3 Bc6 22. Rc4 Rxd3+ 23. Kxd3 Bb5 24. Bd6+ Ka8 25. Kd4 Bxc4 26. bxc4
b6 27. a4 Rd8 28. Ke5 Kb7 29. g4 Kc6 30. Be7 Re8 31. Bb4 f6+ 32. Ke4 Rd8 33. h4
e5 34. Kf5 Rd4 35. Bf8 Kd7 36. Bxg7 Rf4# 0-1

[Event "48. NSV Senioren EM 2014"]
[Site "Sottrum"]
[Date "2014.05.27"]
[Round "2.1"]
[White "Kuenitz, Bernhard"]
[Black "Grimm, Uwe"]
[Result "0-1"]
[WhiteElo "1917"]
[BlackElo "2124"]
[PlyCount "76"]
[EventDate "2014.??.??"]
[WhiteTeam "SAbt SV Werder Bremen"]
[BlackTeam "MTV Dannenberg"]

1. c4 e5 2. Nc3 Bc5 3. g3 a5 4. Bg2 d6 5. d3 Nf6 6. Nf3 h6 7. O-O Nc6 8. Bd2
O-O 9. Qc1 Kh7 10. h3 Ng8 11. Kh2 f5 12. e4 g6 13. exf5 gxf5 14. Nh4 Nce7 15.
f4 c6 16. a3 Ng6 17. Nxg6 Kxg6 18. Ne2 Bb6 19. b4 Qe7 20. Bc3 Bc7 21. Qc2 h5
22. Rae1 axb4 23. axb4 Qf7 24. Ra1 Be6 25. Qb2 e4 26. dxe4 Bxc4 27. exf5+ Kh6
28. Rfe1 Bb6 29. Nd4 Bxd4 30. Bxd4 Rfe8 31. Rxe8 Rxe8 32. Bf3 Qxf5 33. Ra7 Re7
34. Qd2 Nf6 35. Ra8 Ne4 36. Rh8+ Kg6 37. Bxh5+ Qxh5 38. Rxh5 Nxd2 0-1

[Event "48. NSV Senioren EM 2014"]
[Site "Sottrum"]
[Date "2014.05.27"]
[Round "2.2"]
[White "Brunotte, Peter"]
[Black "Zotin, Vladimir"]
[Result "1-0"]
[WhiteElo "2000"]
[BlackElo "1870"]
[PlyCount "75"]
[EventDate "2014.??.??"]
[WhiteTeam "Hamelner SV"]
[BlackTeam "Wilhelmshavener SC von 1887 e. V"]

1. e4 g6 2. f4 d6 3. Nf3 Bg7 4. g3 Bg4 5. h3 Bxf3 6. Qxf3 c6 7. Bc4 Nd7 8. c3
e6 9. d3 Ne7 10. O-O O-O 11. Be3 b5 12. Bb3 b4 13. Qg4 Qa5 14. d4 Rab8 15. f5
d5 16. Bf4 e5 17. Bg5 f6 18. Bd2 exd4 19. cxd4 Qb6 20. Be3 Qb5 21. Nd2 a5 22.
Bf4 Rbe8 23. exd5 cxd5 24. Ne4 Qb6 25. Nd6 Qxd4+ 26. Be3 Qe5 27. Nxe8 Rxe8 28.
Rae1 Qxb2 29. Bxd5+ Kf8 30. fxg6 hxg6 31. Be6 Ne5 32. Qe4 Qc3 33. Rc1 Qd3 34.
Qxe5 f5 35. Bh6 Bxh6 36. Qh8+ Ng8 37. Qxg8+ Ke7 38. Qf7+ 1-0

[Event "48. NSV Senioren EM 2014"]
[Site "Sottrum"]
[Date "2014.05.27"]
[Round "2.3"]
[White "Piastowski, Kurt"]
[Black "Schneider, Alexander"]
[Result "1/2-1/2"]
[WhiteElo "1983"]
[BlackElo "2015"]
[PlyCount "95"]
[EventDate "2014.??.??"]
[WhiteTeam "SC Turm Lueneburg e.V."]
[BlackTeam "Wilhelmshavener SC von 1887 e. V"]

1. d4 d5 2. Nf3 Nf6 3. e3 e6 4. Bd3 b6 5. c3 Nbd7 6. Nbd2 Bb7 7. Qc2 c5 8. b3
Be7 9. Bb2 O-O 10. Rc1 cxd4 11. cxd4 Rc8 12. Qb1 Rxc1+ 13. Bxc1 Bd6 14. O-O Qc8
15. Bb2 Ba6 16. Rc1 Bxd3 17. Qxd3 Qb7 18. Ne5 Rc8 19. Rxc8+ Qxc8 20. Nxd7 Qxd7
21. h3 h6 22. Nf3 Ne4 23. Nd2 Nf6 24. e4 dxe4 25. Nxe4 Be7 26. Nxf6+ Bxf6 27.
Qe4 g6 28. g3 Kg7 29. Kg2 Qb5 30. Bc3 Qa6 31. Qc2 Qc8 32. Qd3 Qd7 33. Qe4 Qd6
34. Qe3 b5 35. Qd2 Qd5+ 36. f3 a6 37. Qe3 Qd6 38. Qd2 Qd5 39. Qe3 Qc6 40. Qd2
Qd6 41. Kf2 Kh7 42. Kg2 Be7 43. Qe3 Qc6 44. Qe1 Bd6 45. Qe3 Bf8 46. Qe1 Bg7 47.
Qd2 Qb7 48. Qe1 1/2-1/2

[Event "48. NSV Senioren EM 2014"]
[Site "Sottrum"]
[Date "2014.05.27"]
[Round "2.4"]
[White "Davydov, Mihail"]
[Black "Gerhardt, Peter-Michael"]
[Result "1-0"]
[WhiteElo "2054"]
[BlackElo "2063"]
[PlyCount "57"]
[EventDate "2014.??.??"]
[WhiteTeam "SK Neustadt"]
[BlackTeam "SC Vahr"]

1. e4 c5 2. Nf3 a6 3. c4 Nc6 4. Nc3 d6 5. d4 cxd4 6. Nxd4 Nf6 7. Be2 g6 8. O-O
Bg7 9. Be3 O-O 10. h3 Bd7 11. Qd2 Nxd4 12. Bxd4 Bc6 13. Qe3 Nd7 14. Bxg7 Kxg7
15. f4 Qb6 16. Qxb6 Nxb6 17. b3 Nd7 18. Rad1 Nf6 19. Bf3 Ng8 20. Kf2 Rac8 21.
a4 f5 22. Ke3 e5 23. exf5 Bxf3 24. Rxf3 Rxf5 25. Rxd6 exf4+ 26. Rxf4 Re8+ 27.
Re4 Rxe4+ 28. Nxe4 Rf7 29. Rb6 1-0

[Event "48. NSV Senioren EM 2014"]
[Site "Sottrum"]
[Date "2014.05.27"]
[Round "2.5"]
[White "Meyer, Irmin"]
[Black "Stummeyer, Dieter"]
[Result "1-0"]
[WhiteElo "1979"]
[BlackElo "1886"]
[PlyCount "59"]
[EventDate "2014.??.??"]
[WhiteTeam "SAbt SV Werder Bremen"]
[BlackTeam "SG Garbsen/Marienwerder"]

1. e4 c5 2. c3 d5 3. exd5 Qxd5 4. d4 cxd4 5. cxd4 Nc6 6. Nf3 e6 7. Nc3 Bb4 8.
Bd3 Nge7 9. O-O Qd8 10. Bg5 O-O 11. Rc1 a6 12. Qb3 f6 13. Be3 b5 14. Be4 Bxc3
15. Rxc3 Na5 16. Qc2 Bb7 17. Bxh7+ Kh8 18. Be4 Nd5 19. Rc5 Nc4 20. Re1 f5 21.
Bxd5 Bxd5 22. Bg5 Qe8 23. b3 Nd6 24. Rxd5 Rc8 25. Rc5 Rxc5 26. dxc5 Ne4 27. Rd1
Qh5 28. h4 Rf7 29. c6 Ng3 30. Rd8+ 1-0

[Event "48. NSV Senioren EM 2014"]
[Site "Sottrum"]
[Date "2014.05.27"]
[Round "2.6"]
[White "Gudat, Alfons"]
[Black "Kujat, Werner"]
[Result "1-0"]
[WhiteElo "1962"]
[BlackElo "1814"]
[PlyCount "55"]
[EventDate "2014.??.??"]
[WhiteTeam "SK Union Oldenburg"]
[BlackTeam "Stader SV"]

1. Nf3 d5 2. d4 e6 3. g3 Nc6 4. Bg2 Nf6 5. O-O Be7 6. Nbd2 O-O 7. c4 h6 8. a3
a5 9. b3 Ne4 10. Bb2 Nxd2 11. Qxd2 Bf6 12. e3 Ne7 13. Rac1 c6 14. Rfd1 Bd7 15.
Ne5 Bxe5 16. dxe5 Qb6 17. Bd4 Qd8 18. Bc5 Re8 19. e4 b6 20. Be3 Qb8 21. f4 Rd8
22. cxd5 exd5 23. exd5 Bg4 24. d6 Bxd1 25. Rxd1 Ra7 26. Qc2 Nd5 27. Bf2 Qb7 28.
Rc1 1-0

[Event "48. NSV Senioren EM 2014"]
[Site "Sottrum"]
[Date "2014.05.27"]
[Round "2.8"]
[White "Elborg, Klaus"]
[Black "Buck, Klaus-Michael"]
[Result "1-0"]
[WhiteElo "1671"]
[BlackElo "1730"]
[PlyCount "133"]
[EventDate "2014.??.??"]
[WhiteTeam "SK Duderstadt"]
[BlackTeam "Stader SV"]

1. d4 e6 2. Nf3 d5 3. e3 a6 4. c4 Bb4+ 5. Bd2 Bxd2+ 6. Qxd2 Nf6 7. Nc3 O-O 8.
Bd3 dxc4 9. Bxc4 b5 10. Be2 Bb7 11. Rc1 Nbd7 12. O-O Rc8 13. Ne1 c5 14. dxc5
Nxc5 15. Qxd8 Rfxd8 16. Bf3 Bxf3 17. Nxf3 Nd3 18. Rb1 b4 19. Na4 Ne4 20. Rfd1
Rc2 21. Rxd3 Rxd3 22. Ne1 Rxb2 23. Nxb2 Rd2 24. Ned3 Nc3 25. Ra1 g6 26. Kf1 a5
27. a3 b3 28. Rc1 Na4 29. Nxa4 Rxd3 30. Nc5 Rd5 31. Nxb3 Rd3 32. Nxa5 Rxa3 33.
Nc6 Kf8 34. Rd1 Rc3 35. Nd4 Rc8 36. Ke2 Ra8 37. f4 Ra2+ 38. Rd2 Ra8 39. Kf3 Rc8
40. g4 Kg7 41. h4 Rc1 42. Ke4 Rh1 43. Nf3 Rf1 44. g5 Ra1 45. Ne5 Rh1 46. Rd7
Rxh4 47. Rxf7+ Kg8 48. Re7 Rh1 49. Rxe6 Ra1 50. Ng4 Ra4+ 51. Ke5 Ra5+ 52. Kf6
Rf5+ 53. Ke7 Rf7+ 54. Kd6 Rf8 55. Re7 Ra8 56. Nf6+ Kf8 57. Nd7+ Kg8 58. e4 Ra6+
59. Kd5 Ra5+ 60. Nc5 Kf8 61. Rb7 Ra1 62. e5 Rf1 63. Ne6+ Kg8 64. Rg7+ Kh8 65.
Rxg6 Rd1+ 66. Ke4 Re1+ 67. Kf5 1-0

[Event "48. NSV Senioren EM 2014"]
[Site "Sottrum"]
[Date "2014.05.27"]
[Round "2.9"]
[White "Kahle, Hartmut"]
[Black "Gilde, Guenter"]
[Result "0-1"]
[WhiteElo "1462"]
[BlackElo "1842"]
[PlyCount "110"]
[EventDate "2014.??.??"]
[WhiteTeam "Eystruper SK"]
[BlackTeam "SC Sottrum"]

1. d4 Nf6 2. Nf3 d5 3. e3 e6 4. c4 Bb4+ 5. Bd2 Bxd2+ 6. Nbxd2 O-O 7. Ne5 Nbd7
8. Ndf3 Ne4 9. c5 c6 10. Nxd7 Bxd7 11. Ne5 Qa5+ 12. Ke2 Be8 13. f3 Qb5+ 14. Nd3
Nf6 15. Kf2 Qa5 16. Be2 Nd7 17. b4 Qc7 18. f4 f6 19. Rf1 e5 20. dxe5 fxe5 21.
Kg1 e4 22. Ne1 b6 23. Rc1 bxc5 24. bxc5 Qa5 25. Qc2 Rb8 26. a4 Rb4 27. Qc3 Rxa4
28. Qxa5 Rxa5 29. Nc2 Rxc5 30. Nd4 Rxc1 31. Rxc1 c5 32. Ne6 Rf6 33. Nxc5 Rc6
34. Nb3 Rxc1+ 35. Nxc1 Nc5 36. Na2 a5 37. Nc3 Bc6 38. Bb5 Bxb5 39. Nxb5 Kf7 40.
Kf1 Ke7 41. g4 Na4 42. Ke1 Nb2 43. Nc3 Kd6 44. h4 a4 45. h5 Ke6 46. g5 a3 47.
Kd2 Nc4+ 48. Ke2 Kf5 49. Na2 Kg4 50. Nc3 Kxh5 51. Kf2 h6 52. gxh6 gxh6 53. f5
Kg5 54. f6 Kg6 55. Ke2 h5 0-1

[Event "48. NSV Senioren EM 2014"]
[Site "Sottrum"]
[Date "2014.05.27"]
[Round "2.10"]
[White "Krawinkel, Hans-Werner"]
[Black "Flasche-Alke, Hartmut"]
[Result "0-1"]
[WhiteElo "1854"]
[BlackElo "1573"]
[PlyCount "106"]
[EventDate "2014.??.??"]
[WhiteTeam "SF Buxtehude"]
[BlackTeam "Findorffer Sfr"]

1. c4 e6 2. Nc3 c5 3. g3 Nc6 4. Bg2 Nge7 5. e3 g6 6. Nge2 Bg7 7. d3 a6 8. O-O
Rb8 9. a3 O-O 10. Rb1 b5 11. cxb5 axb5 12. Ne4 d6 13. b3 f5 14. Ng5 e5 15. Nf3
d5 16. Qc2 Qb6 17. Bb2 d4 18. exd4 cxd4 19. Nd2 Bb7 20. Rfc1 Rbc8 21. Qd1 Na7
22. b4 Bxg2 23. Kxg2 Qb7+ 24. f3 Nd5 25. Nf1 Rxc1 26. Bxc1 Rc8 27. Bd2 Bf6 28.
Qb3 Kg7 29. Rc1 Rxc1 30. Nxc1 g5 31. Qc2 g4 32. Qd1 gxf3+ 33. Qxf3 Qd7 34. Nb3
Be7 35. Kf2 Nc6 36. Qd1 Nf6 37. Qf3 Qe6 38. Nc5 Bxc5 39. bxc5 e4 40. Qe2 e3+
41. Kg1 Qe5 42. Bb4 h5 43. h3 Kg6 44. Kg2 Nd5 45. Be1 Qf6 46. Qf3 Qe5 47. Qe2
Nf6 48. Qf3 Qxc5 49. h4 Qc2+ 50. Kh3 Ne5 51. Qf4 Nxd3 52. Qg5+ Kf7 53. Ba5 Nf2+
0-1

[Event "48. NSV Senioren EM 2014"]
[Site "Sottrum"]
[Date "2014.05.28"]
[Round "3.1"]
[White "Grimm, Uwe"]
[Black "Brunotte, Peter"]
[Result "1/2-1/2"]
[WhiteElo "2124"]
[BlackElo "2000"]
[PlyCount "59"]
[EventDate "2014.??.??"]
[WhiteTeam "MTV Dannenberg"]
[BlackTeam "Hamelner SV"]

1. f4 g6 2. Nf3 d5 3. e3 Bg7 4. d4 Nf6 5. Bd3 e6 6. O-O O-O 7. Qe1 Nbd7 8. Nbd2
c5 9. c3 b6 10. Qh4 Bb7 11. Qh3 c4 12. Bc2 b5 13. g4 Ne4 14. Nxe4 dxe4 15. Ng5
Nf6 16. Qg2 Qd5 17. Nh3 Ne8 18. g5 f5 19. gxf6 Bxf6 20. Kh1 Rf7 21. Bd2 Nd6 22.
Nf2 Bh4 23. Ng4 Nf5 24. Qh3 Rg7 25. Be1 Be7 26. Nf2 Nd6 27. Rg1 Qf5 28. Ng4 Kh8
29. Bg3 h5 30. Be1 1/2-1/2

[Event "48. NSV Senioren EM 2014"]
[Site "Sottrum"]
[Date "2014.05.28"]
[Round "3.2"]
[White "Schneider, Alexander"]
[Black "Davydov, Mihail"]
[Result "1/2-1/2"]
[WhiteElo "2015"]
[BlackElo "2054"]
[PlyCount "35"]
[EventDate "2014.??.??"]
[WhiteTeam "Wilhelmshavener SC von 1887 e. V"]
[BlackTeam "SK Neustadt"]

1. d4 d5 2. Nf3 Nf6 3. c4 c6 4. Nc3 e6 5. e3 Be7 6. Bd3 Nbd7 7. O-O O-O 8. Re1
Re8 9. a3 a5 10. b3 Qc7 11. Bb2 Nf8 12. Rc1 Ng6 13. Qc2 Bd6 14. cxd5 exd5 15.
Nb5 Qd7 16. Nxd6 Qxd6 17. h3 Be6 18. Ne5 1/2-1/2

[Event "48. NSV Senioren EM 2014"]
[Site "Sottrum"]
[Date "2014.05.28"]
[Round "3.3"]
[White "Piastowski, Kurt"]
[Black "Meyer, Irmin"]
[Result "0-1"]
[WhiteElo "1983"]
[BlackElo "1979"]
[PlyCount "68"]
[EventDate "2014.??.??"]
[WhiteTeam "SC Turm Lueneburg e.V."]
[BlackTeam "SAbt SV Werder Bremen"]

1. d4 Nf6 2. Nf3 e6 3. Bf4 c5 4. e3 b6 5. Be2 Bb7 6. Nbd2 Be7 7. O-O O-O 8. c4
d6 9. h3 Nc6 10. Qc2 cxd4 11. exd4 Rc8 12. Be3 d5 13. Qd1 dxc4 14. Nxc4 Nd5 15.
a3 b5 16. Nce5 a6 17. Rc1 Bd6 18. Nxc6 Bxc6 19. Qd2 Qe7 20. Ne5 Bb7 21. Rxc8
Rxc8 22. Rc1 Rxc1+ 23. Qxc1 Nxe3 24. fxe3 Bxe5 25. dxe5 h6 26. Qc3 Qg5 27. Bf1
Bd5 28. Qd4 Qg3 29. Qc3 g6 30. Qd4 Qe1 31. Qf4 Bc4 32. Qf2 Qc1 33. e4 Bxf1 34.
Qxf1 Qxb2 0-1

[Event "48. NSV Senioren EM 2014"]
[Site "Sottrum"]
[Date "2014.05.28"]
[Round "3.4"]
[White "Zotin, Vladimir"]
[Black "Gudat, Alfons"]
[Result "1-0"]
[WhiteElo "1870"]
[BlackElo "1962"]
[PlyCount "41"]
[EventDate "2014.??.??"]
[WhiteTeam "Wilhelmshavener SC von 1887 e. V"]
[BlackTeam "SK Union Oldenburg"]

1. e4 c5 2. c3 Nf6 3. Bc4 Nxe4 4. Bxf7+ Kxf7 5. Qh5+ Ke6 6. Qg4+ Kd5 7. c4+ Kc6
8. Qxe4+ d5 9. Qf3 e6 10. Nc3 Na6 11. a3 Be7 12. d3 Rf8 13. Qe2 Nc7 14. Nf3 Bf6
15. O-O Qd6 16. Qc2 Bxc3 17. bxc3 b6 18. d4 dxc4 19. dxc5 Qxc5 20. Be3 Qf5 21.
Nd4+ 1-0

[Event "48. NSV Senioren EM 2014"]
[Site "Sottrum"]
[Date "2014.05.28"]
[Round "3.5"]
[White "Gilde, Guenter"]
[Black "Kuenitz, Bernhard"]
[Result "1/2-1/2"]
[WhiteElo "1842"]
[BlackElo "1917"]
[PlyCount "39"]
[EventDate "2014.??.??"]
[WhiteTeam "SC Sottrum"]
[BlackTeam "SAbt SV Werder Bremen"]

1. e4 e6 2. d4 d5 3. e5 c5 4. c3 Nc6 5. Bb5 cxd4 6. Bxc6+ bxc6 7. cxd4 Ne7 8.
Bd2 Ng6 9. Ne2 c5 10. Bc3 Be7 11. f4 O-O 12. O-O Ba6 13. Rf2 Qd7 14. Nd2 Rfc8
15. Nb3 c4 16. Nd2 Bh4 17. g3 Bd8 18. Qf1 Bb6 19. h4 Ne7 20. Qh3 1/2-1/2

[Event "48. NSV Senioren EM 2014"]
[Site "Sottrum"]
[Date "2014.05.28"]
[Round "3.6"]
[White "Gerhardt, Peter-Michael"]
[Black "Elborg, Klaus"]
[Result "1-0"]
[WhiteElo "2063"]
[BlackElo "1671"]
[PlyCount "169"]
[EventDate "2014.??.??"]
[WhiteTeam "SC Vahr"]
[BlackTeam "SK Duderstadt"]

1. d4 Nf6 2. Nf3 g6 3. g3 Bg7 4. Bg2 O-O 5. O-O d5 6. Nbd2 e6 7. Ne5 Nbd7 8.
Ndf3 c5 9. c3 Nxe5 10. Nxe5 Nd7 11. Nxd7 Bxd7 12. dxc5 Qc7 13. Be3 Rad8 14. Qd2
Rfe8 15. b4 Bb5 16. Rac1 Bc4 17. a3 Qc6 18. Rfe1 a6 19. Bh6 Bh8 20. Qc2 f5 21.
Bg5 Rd7 22. Bf1 e5 23. e4 Bxf1 24. exd5 Qxd5 25. Rxf1 Bg7 26. Rcd1 Qe6 27. Rxd7
Qxd7 28. Qb3+ Qf7 29. Qxf7+ Kxf7 30. Rd1 h6 31. Rd7+ Kf8 32. Be3 Re7 33. Rd6
Kf7 34. c6 bxc6 35. Rxc6 Re6 36. Rc4 Bf8 37. Kf1 Rd6 38. Ke2 Ke6 39. Rc8 Bg7
40. Bc5 Rd7 41. c4 e4 42. Rc6+ Ke5 43. Rxa6 g5 44. Ba7 f4 45. Bb8+ Kd4 46. gxf4
gxf4 47. Bxf4 Kxc4 48. Bxh6 Bxh6 49. Rxh6 Kb3 50. Rh3+ Kc4 51. Re3 Kd4 52. h4
Rh7 53. Rh3 Rh5 54. Kd2 Rf5 55. Rh2 Rf3 56. a4 Ra3 57. a5 Ra2+ 58. Ke1 Ra1+ 59.
Ke2 Ra2+ 60. Kf1 Kc4 61. h5 Kxb4 62. h6 e3 63. h7 e2+ 64. Ke1 Ra1+ 65. Kxe2
Rxa5 66. h8=Q Ra2+ 67. Kd3 Ra3+ 68. Kc2 Ra2+ 69. Qb2+ Rxb2+ 70. Kxb2 Kc5 71.
Kc3 Kd5 72. Kd3 Ke5 73. Ke3 Kf5 74. f4 Kf6 75. Ke4 Kg6 76. Ke5 Kf7 77. f5 Ke7
78. Rh7+ Kf8 79. Ke6 Kg8 80. Ra7 Kf8 81. f6 Kg8 82. Rb7 Kh8 83. Rb8+ Kh7 84. f7
Kg6 85. f8=Q 1-0